000 01051nac a22003257a 4500
001 BR0402979
003 BR-BrBNA
005 20240105123016.0
008 230509b bl.|||m| |||| 00| 0 por d
040 _aBR-BrBNA
_bpor
_cBiblioteca Nacional de Agricultura
072 _aP01
090 _aP01 BR0402979
100 1 _aLanna, A.C.
110 1 _aEMBRAPA Arroz e Feijão, Santo Antônio de Goiás (Brasil)
_93570
245 1 _aImpacto ambiental de tecnologias, indicadores de sustentabilidade e metodologias de aferição: uma revisão
260 3 _aSanto Antônio de Goiás, GO (Brasil):
_c2002.
300 _a31 p.
490 _aDocumentos - EMBRAPA Arroz e Feijão (Brazil)
_vno. 144
_xISSN 1516-7518
500 _a47 ref.
650 _aMEIO AMBIENTE
650 _aQUALIDADE
650 _aIMPACTO AMBIENTAL
650 _aAGRICULTURA SUSTENTÁVEL
650 _aSOLO
650 _aÁGUA
650 _aEVAPORAÇÃO
650 _aADOÇÃO DE INOVAÇÕES
909 _a202312
_bLúcia Elande
_c55
_dLúcia Elande
942 _2AGRIS
_n0
_cMS
999 _c293622
_d293622